000 00617nam a22002177a 4500
005 20170124105914.0
010 _aA-777244
020 _c00.00
035 _aA-777244
037 _bCen Lib/Ret
040 _aDPL
_bEN
082 _a423
_bDIC
245 _aDictionary english-hindustan /
_ccompiled by Duncan Forbes
260 _aLondon
_bliterature in kings college
270 _bLondon
300 _a316p.
_c22cm(Hb)
650 _aEnglish
_vDictionary
_9111345
650 _aEnglish - Hindustani - Dictionary
_9106967
700 _aForbes, Duncan
_92007
942 _2ddc
_cEN
_h423
_mDIC
999 _c122737
_d122737